[Event "Udaipur Holi Cup 6th"]
[Site "Udaipur"]
[Date "2024.04.01"]
[Round "3"]
[White "Oishik, Mondal"]
[Black "Utsab, Chatterjee"]
[Result "1/2-1/2"]
[WhiteElo "1767"]
[BlackElo "2301"]
[PlyCount "93"]
[EventDate "2024.03.31"]
[EventType "swiss"]
[EventRounds "9"]
[EventCountry "IND"]
[SourceTitle "CB16_2024"]
[SourceDate "2024.04.17"]
[SourceVersion "1"]
[SourceVersionDate "2024.04.17"]
[SourceQuality "1"]

1. e4 e5 2. Nf3 Nc6 3. Bb5 a6 4. Ba4 Nf6 5. d3 b5 6. Bb3 Bc5 7. c3 d6 8. 0-0 Bb6 9. a4 Rb8 10. h3 h6 11. Re1 0-0 12. Nbd2 Re8 13. Nf1 Be6 14. Be3 d5 15. Bxb6 Rxb6 16. axb5 axb5 17. Qc2 Qd6 18. Ng3 b4 19. exd5 Nxd5 20. Ba4 bxc3 21. bxc3 Bd7 22. Bxc6 Rxc6 23. d4 Rxc3 24. Qd2 Qb4 25. Rxe5 Rxe5 26. Nxe5 Ra3 27. Rd1 Qxd2 28. Rxd2 Be6 29. Rc2 Nc3 30. Ne2 Nd5 31. Nc4 Rd3 32. Rd2 Rb3 33. Rb2 Rd3 34. Rd2 Rb3 35. Rb2 Nc3 36. Nxc3 Rxc3 37. Ne3 Bb3 38. Rd2 Be6 39. Rc2 Rxc2 40. Nxc2 f5 41. f4 Kf7 42. Kf2 Ke7 43. Ke2 Bd5 44. Ne3 Be4 45. g3 g5 46. Nc4 Ke6 47. Ne5 1/2-1/2

[Event "Agartala Dutta Memorial 3rd"]
[Site "Agartala"]
[Date "2023.11.03"]
[Round "4"]
[White "Oishik, Mondal"]
[Black "Singh, Soram Rahul"]
[Result "0-1"]
[WhiteElo "1566"]
[BlackElo "1839"]
[PlyCount "118"]
[EventDate "2023.11.01"]
[EventType "swiss"]
[EventRounds "10"]
[EventCountry "IND"]
[SourceTitle "CB46_2023"]
[SourceDate "2023.11.15"]
[SourceVersion "1"]
[SourceVersionDate "2023.11.15"]
[SourceQuality "1"]

1. e4 c5 2. Nf3 d6 3. d4 cxd4 4. Nxd4 Nf6 5. Nc3 a6 6. h3 e5 7. Nde2 h5 8. g3 Be7 9. Bg2 b5 10. a4 b4 11. Nd5 Nxd5 12. Qxd5 Ra7 13. Be3 Rb7 14. 0-0 Nd7 15. f4 0-0 16. b3 Qc7 17. Rac1 Rb8 18. c3 Nf6 19. Qd3 Qb7 20. f5 Bd7 21. Bg5 Rfd8 22. c4 Bc6 23. Bxf6 Bxf6 24. h4 Rf8 25. Rce1 Rbd8 26. Nc1 a5 27. Qf3 g6 28. g4 Bxh4 29. Re2 Qa7+ 30. Kh2 hxg4 31. Qxg4 Kg7 32. Bh3 Rh8 33. fxg6 fxg6 34. Rg2 Rh6 35. Qf3 Rdh8 36. Ne2 Bf2 37. Rgxf2 Rxh3+ 38. Qxh3 Rxh3+ 39. Kxh3 Qd7+ 40. Kg3 Bxe4 41. Ng1 d5 42. cxd5 Qxd5 43. Rb2 Bd3 44. Rc1 Qd6 45. Nh3 e4+ 46. Kg2 e3 47. Ra2 Be4+ 48. Kf1 Qd3+ 49. Ke1 Qd6 50. Rc4 Qg3+ 51. Kd1 Qxh3 52. Rc7+ Kf6 53. Re2 Qf1+ 54. Re1 Bf3+ 55. Kc2 Qxe1 56. Rc4 Qd2+ 57. Kb1 e2 58. Rc2 Be4 59. Ka1 e1Q+ 0-1

[Event "Bhubaneswar op-A 14th"]
[Site "Bhubaneswar"]
[Date "2023.06.15"]
[Round "6"]
[White "Sailesh, R."]
[Black "Oishik, Mondal"]
[Result "1-0"]
[WhiteElo "1697"]
[BlackElo "1591"]
[PlyCount "135"]
[EventDate "2023.06.11"]
[EventType "swiss"]
[EventRounds "10"]
[EventCountry "IND"]
[SourceTitle "CBM 214 Extra"]
[Source "ChessBase"]
[SourceDate "2023.07.31"]
[SourceVersion "1"]
[SourceVersionDate "2023.07.31"]
[SourceQuality "1"]

1. Nf3 d5 2. b3 Nf6 3. Bb2 c5 4. c4 d4 5. b4 Qb6 6. Qb3 Nc6 7. b5 Na5 8. Qc2 Qc7 9. d3 e5 10. Nbd2 b6 11. g3 Bd6 12. Bg2 Nb7 13. 0-0 0-0 14. Nb3 Bd7 15. Bc1 h6 16. e4 dxe3 17. fxe3 Rfe8 18. e4 Bf8 19. Nh4 Qd6 20. a4 a5 21. Be3 Ng4 22. Bd2 Rad8 23. h3 Nf6 24. g4 Nh7 25. Rf3 Be7 26. Nf5 Bxf5 27. gxf5 Bg5 28. Bxg5 Nxg5 29. Rg3 Nh7 30. Kh1 Kh8 31. Rg1 Rg8 32. Bf1 Nf6 33. Qe2 Kh7 34. Qf3 Rdf8 35. Be2 Nd8 36. Qg2 Ne8 37. Nd2 g6 38. Nf1 Rg7 39. Ne3 Rfg8 40. Qf2 Rf8 41. Ng4 Nf6 42. Ne3 Ne8 43. Ng2 Rgg8 44. Nh4 Qf6 45. Rf3 g5 46. Ng2 Qd6 47. Ne3 f6 48. Rfg3 Kg7 49. Qf3 Kf7 50. Nd5 Ng7 51. Qe3 Ke8 52. Kg2 h5 53. h4 gxh4 54. Rg6 Nge6 55. Bxh5 Rxg6+ 56. Bxg6+ Kd7 57. fxe6+ Nxe6 58. Bf5 Kd8 59. Bxe6 Qxe6 60. Kh2 Rg8 61. Qf3 Rxg1 62. Kxg1 f5 63. Qxf5 Qg8+ 64. Kf1 Qe8 65. Qf6+ Kc8 66. Qxb6 Qf8+ 67. Qf6 Qe8 68. Qe7 1-0

[Event "Bhubaneswar op-A 14th"]
[Site "Bhubaneswar"]
[Date "2023.06.13"]
[Round "4"]
[White "Barseghyan, Armen Ar"]
[Black "Oishik, Mondal"]
[Result "1-0"]
[WhiteElo "2373"]
[BlackElo "1591"]
[PlyCount "93"]
[EventDate "2023.06.11"]
[EventType "swiss"]
[EventRounds "10"]
[EventCountry "IND"]
[SourceTitle "CBM 214 Extra"]
[Source "ChessBase"]
[SourceDate "2023.07.31"]
[SourceVersion "1"]
[SourceVersionDate "2023.07.31"]
[SourceQuality "1"]

1. d4 d5 2. c4 c6 3. Nf3 Nf6 4. Qc2 e6 5. e3 Nbd7 6. b3 Ne4 7. Bd3 Bb4+ 8. Nbd2 f5 9. a3 Bxd2+ 10. Nxd2 0-0 11. Nf3 Ndf6 12. 0-0 Bd7 13. a4 Rc8 14. Ba3 Re8 15. Ne5 Ng5 16. Rfc1 Nf7 17. Qb2 g6 18. b4 Kg7 19. b5 Rb8 20. Nxf7 Kxf7 21. Bd6 Rc8 22. c5 Rg8 23. a5 cxb5 24. Bxb5 Bc6 25. Bxc6 bxc6 26. Qb7+ Qd7 27. Rcb1 Rgd8 28. Qa6 Qe8 29. Rb7+ Rd7 30. Rab1 g5 31. Rxd7+ Nxd7 32. Rb7 Kg6 33. Rxa7 Nf6 34. Re7 Qg8 35. Qb7 h6 36. a6 Ne4 37. Be5 Kh5 38. a7 Ra8 39. Bb8 Qd8 40. Rxe6 Nxf2 41. Kxf2 Qf8 42. Qh7 f4 43. Qg6+ Kh4 44. Rf6 fxe3+ 45. Kf3 Qxf6+ 46. Qxf6 h5 47. Bg3# 1-0